Angličtina v železniční přepravě cestujících
Salvato in:
| Autore principale: | |
|---|---|
| Altri autori: | , |
| Natura: | Libro |
| Lingua: | ceco |
| Pubblicazione: |
Praha
Nakladatelství dopravy a spojů
1966
|
| Tags: |
Nessun Tag, puoi essere il primo ad aggiungerne!!
|
MARC
| LEADER | 00000nam a2200000 4500 | ||
|---|---|---|---|
| 001 | c122791 | ||
| 005 | 20041019155226.3 | ||
| 041 | 0 | |a cze | |
| 044 | |a CZ | ||
| 245 | 1 | 0 | |a Angličtina v železniční přepravě cestujících |c Vlasta Rejtharová, Miloslava Říhová, Václav Stehlík |
| 264 | 1 | |a Praha |b Nakladatelství dopravy a spojů |c 1966 | |
| 300 | |a 177 s. | ||
| 100 | 1 | |a Rejtharová, Vlasta | |
| 700 | 1 | |a Říhová, Miloslava | |
| 700 | 1 | |a Stehlík, Václav | |